| 000 | 00446 a2200157 4500 | ||
|---|---|---|---|
| 005 | 20250625092927.0 | ||
| 020 | _a0-07-293210-4 | ||
| 082 | _a651.7 LOC | ||
| 100 | _aLOCKER, K.O. | ||
| 245 | _aBusiness Communication: Building Critical Skills, | ||
| 250 | _a3th Ed. | ||
| 260 |
_aNew York, _bMcGraw-Hill Irwin, _c2007. |
||
| 300 |
_axxvi,; 547p.; ill.; figure,picture, _bGlossary & Index, _c27cm. |
||
| 700 | _aKACZMAREK, S. K. | ||
| 942 |
_2ddc _cBKS |
||
| 999 |
_c4976 _d4976 |
||